Countries Playing Most World Cup Games Without Reaching Semi Finals - Statistics

General Stats
  • This quiz has been taken 64 times
  • The average score is 7 of 9
Answer Stats
Matches Answer % Correct
57 Mexico
95%
21 Japan
87%
22 Colombia
82%
21 Nigeria
77%
27 Paraguay
70%
37 Switzerland
69%
21 Romania
61%
23 Cameroon
59%
23 Scotland
59%
No matching quizzes found
Score Distribution
Percent of People with Each Score
Percentile by Number Answered
Your Score History
You have not taken this quiz